Peta Konsep Desentralisasi dan Pemerintahan Daerah (Record no. 13063)

000 -LEADER
fixed length control field 00459nam a2200145Ia 4500
020 ## - INTERNATIONAL STANDARD BOOK NUMBER
ISBN 978-979-8897-44-3
084 ## - OTHER CLASSIFICATION OF CALL NUMBER
Call Number (Nomor Katalog) 10301 MUL Gov Bo.2b
100 ## - MAIN ENTRY--AUTHOR NAME
Personal name (Pengarang) Khairul Muluk
245 #0 - TITLE STATEMENT
Sub Title (Anak Judul) Peta Konsep Desentralisasi dan Pemerintahan Daerah
260 ## - PUBLICATION, DISTRIBUTION, ETC. (IMPRINT)
Place of publication (Tempat Terbit/Kota) Surabaya
Name of publisher (Nama Penerbit) ITS Press
Year of publication (Tahun Terbit) 2009
300 ## - PHYSICAL DESCRIPTION
Number of Pages (Jumlah Halaman) xii + 227 halaman
650 ## - SUBJECT ADDED ENTRY--TOPICAL TERM
Topical Term (Topik 1) Government (Pemerintahan)
Relator term (Topik 2) G-O-V
Chronological subdivision (Topik 5) Desentralisasi dan Pemerintahan Daerah
942 ## - ADDED ENTRY ELEMENTS (KOHA)
Koha item type Books (Buku)
Holdings
Withdrawn status Lost status Damaged status Not for loan Permanent Location (Lokasi Permanen) Current Location (Lokasi Sekarang) Shelving location (Lokasi Rak) Date acquired Cost, normal purchase price (Harga Buku) Full call number (Nomor Katalog) Barcode Price effective from Koha item type (Jenis Koleksi)
        PIN Library PIN Library Bookshelf 03/26/2022 10.00 10301 MUL Gov Bo.2b 1030102 03/26/2022 Books (Buku)